000 00636nam a2200193 4500
005 20251215120340.0
008 251215b |||||||| |||| 00| 0 eng d
020 _a9789391844752
_cरु 495.00
040 _aMAIN
082 _a891.49150108
_bC543H
100 _4छिक्कारा, सरिता
245 _aहरियाणावी गीत संग्रह
260 _aनई दिल्ली
_bसीरियाल पब्लिकेशन
_c2024
300 _a183
650 _aहिन्दी साहित्य
651 _aहरियाणवी-गीत
942 _cBK
999 _c395433
_d395433